000
00310nam a22001337a 4500
008
180919b xxu||||| |||| 00| 0 eng d
020
_a
9780070235663
041
_a
eng
080
_a
941
100
_a
16
101
_a
His
245
_a
The Twentieth Century A Global History
_c
Goft.R
942
_2
udc
_c
BK
999
_c
48060
_d
48060